000 00828nam a2200229 i 4500
001 50056
003 ES-MaACL
005 20250901062527.0
007 t|
008 030729s1963 an ||||1| spa d
100 1 _aCristiani, León.
_941629
245 1 3 _aLa rebelión protestante
_b: (la Iglesia desde el año 1450 al 1623) /
_cLeón Cristiani ; [versión española de Angel Izcue].
260 _aAndorra :
_bCasal i Vall,
_c[1963]
300 _a154 p. ;
_c20 cm.
490 1 _aYo sé, yo creo : enciclopedia del católico en el siglo XX ;
_v76
650 0 7 _aReforma
_2embne
_916717
650 0 4 _aContrarreforma.
_911322
700 1 _aIzcue, Angel.
_965689
830 0 0 _aYo sé, yo creo: enciclopedia del católico del siglo XX
_v76
_9186579
852 _aES-MaACL
_jC-25089
_bR.53213
999 _c50056
_d50056